|
|
|
|
| LEADER |
00000nab a2200000ua 4500 |
| 001 |
vtls010775809 |
| 003 |
SK-MaSNL |
| 005 |
20260303120155.0 |
| 008 |
230131s1972 xo |||||||||||||||||slo| |
| 035 |
|
|
|a (urnnbn)urn:nbn:sk:snk:ar-a001ix
|
| 035 |
|
|
|a (uuid)3ab96425-d383-4516-86c8-5972f6cf8909
|
| 035 |
|
|
|a urn:nbn:sk:snk-ab4z3z
|
| 040 |
|
|
|a SNKBUCL
|b slo
|c SNKBUCL
|e AACR2
|
| 041 |
0 |
|
|a slo
|
| 044 |
|
|
|a xo
|c SK
|
| 100 |
1 |
|
|a Bumbera, Jozef
|4 aut
|9 376164
|
| 245 |
1 |
0 |
|a Patronáty nad ŠVZK
|c Jozef Bumbera
|
| 773 |
0 |
|
|t Včelár : odborný časopis Povereníctva poľnohospodárstva a lesného hospodárstva a Ústredia včelárskych združení na Slovensku
|g Roč. 46, č. 6 (1972), s. 140
|
| 954 |
|
|
|a odborná, vedecká literatúra pôvodná (slovenská)
|2 lita
|
| 958 |
|
|
|a OND
|
| 958 |
|
|
|a EUIPO
|
| 958 |
|
|
|a article3
|
| 999 |
|
|
|c 1907621
|d 1909551
|